{"text_format":"3","workbook":"xlsx","n_sheets":6,"sheets":["表-04 单位工程招标控制价汇总表-1","表-08 分部分项工程和单价措施项目清单与计价表-1","1.1.1综合单价计算表","表-11 总价措施项目清单与计价表-1","表-12 其他项目清单与计价汇总表-1","表-13 规费、税金项目清单与计价表-1"],"read":"whole","date_system":"1900"}

{"sheet":"表-04 单位工程招标控制价汇总表-1","index":0,"n_rows":38,"n_cols":6,"rows_kept":38,"merged":[[0,0,0,6],[1,0,1,2],[1,4,1,6],[2,2,2,4],[3,2,3,4],[4,2,4,4],[5,2,5,4],[6,2,6,4],[7,2,7,4],[8,2,8,4],[9,2,9,4],[10,2,10,4],[11,2,11,4],[12,2,12,4],[13,2,13,4],[14,2,14,4],[15,2,15,4],[16,2,16,4],[17,2,17,4],[18,2,18,4],[19,2,19,4],[20,2,20,4],[21,2,21,4],[22,2,22,4],[23,2,23,4],[24,2,24,4],[25,2,25,4],[26,2,26,4],[27,2,27,4],[28,2,28,4],[29,2,29,4],[30,2,30,4],[31,2,31,4],[32,2,32,4],[33,2,33,4],[34,2,34,4],[35,0,35,1],[35,2,35,4],[36,0,36,6],[37,0,37,2],[37,4,37,6]]}
["单位工程招标控制价汇总表"]
["工程名称：南村政府大院加装电梯工程（安装部分）",null,null,"标段：","第 1 页  共 1 页"]
["序号","汇总内容","金额:(元)",null,null,"其中：暂估价(元)"]
["1","分部分项合计","65909.07"]
["1.1","餐厅电","23886.83"]
["1.2","宿舍电","31740.35"]
["1.3","餐厅防雷","3271.24"]
["1.4","宿舍防雷","4381.60"]
["1.5","给排水部分","2629.05"]
["2","措施合计","7506.04"]
["2.1","绿色施工安全防护措施费","7506.04"]
["2.2","其他措施费"]
["3","其他项目","2098.42",null,null,"－"]
["3.1","暂列金额"]
["3.2","暂估价"]
["3.3","计日工"]
["3.4","总承包服务费"]
["3.5","预算包干费","2098.42"]
["3.6","工程优质费"]
["3.7","概算幅度差"]
["3.8","索赔费用"]
["3.9","现场签证费用"]
["3.10","其他费用"]
["4","税前工程造价","75513.53"]
["5","增值税销项税额","6796.22",null,null,"－"]
["6","总造价","82309.75"]
["7","人工费","17880.71"]
{"$rows_empty":8}
["招标控制价合计=1+2+3+4+5",null,"82,309.75",null,null,"0.00"]
["注：本表适用于单位工程招标控制价或投标报价的汇总，如无单位工程划分，单项工程也使用本表汇总"]
[{"$nulls":4},"表—04"]

{"sheet":"表-08 分部分项工程和单价措施项目清单与计价表-1","index":1,"n_rows":132,"n_cols":11,"rows_kept":132,"merged":[[0,0,0,11],[1,0,1,3],[1,4,1,7],[1,8,1,11],[2,0,4,0],[2,1,4,1],[2,2,4,2],[2,3,4,4],[2,5,4,5],[2,6,4,6],[2,7,2,10],[3,7,4,8],[3,9,4,9],[5,3,5,4],[5,7,5,8],[6,3,6,4],[6,7,6,8],[7,3,7,4],[7,7,7,8],[8,3,8,4],[8,7,8,8],[9,3,9,4],[9,7,9,8],[10,3,10,4],[10,7,10,8],[11,3,11,4],[11,7,11,8],[12,3,12,4],[12,7,12,8],[13,3,13,4],[13,7,13,8],[14,3,14,4],[14,7,14,8],[15,3,15,4],[15,7,15,8],[16,3,16,4],[16,7,16,8],[17,3,17,4],[17,7,17,8],[18,3,18,4],[18,7,18,8],[19,3,19,4],[19,7,19,8],[20,3,20,4],[20,7,20,8],[21,3,21,4],[21,7,21,8],[22,0,22,8],[23,0,23,11],[24,0,24,3],[24,4,24,7],[24,8,24,11],[25,0,25,11],[26,0,26,3],[26,4,26,7],[26,8,26,11],[27,0,29,0],[27,1,29,1],[27,2,29,2],[27,3,29,4],[27,5,29,5],[27,6,29,6],[27,7,27,10],[28,7,29,8],[28,9,29,9],[30,3,30,4],[30,7,30,8],[31,3,31,4],[31,7,31,8],[32,3,32,4],[32,7,32,8],[33,3,33,4],[33,7,33,8],[34,3,34,4],[34,7,34,8],[35,3,35,4],[35,7,35,8],[36,3,36,4],[36,7,36,8],[37,3,37,4],[37,7,37,8],[38,3,38,4],[38,7,38,8],[39,3,39,4],[39,7,39,8],[40,3,40,4],[40,7,40,8],[41,3,41,4],[41,7,41,8],[42,3,42,4],[42,7,42,8],[43,3,43,4],[43,7,43,8],[44,3,44,4],[44,7,44,8],[45,0,45,8],[46,0,46,11],[47,0,47,3],[47,4,47,7],[47,8,47,11],[48,0,48,11],[49,0,49,3],[49,4,49,7],[49,8,49,11],[50,0,52,0],[50,1,52,1],[50,2,52,2],[50,3,52,4],[50,5,52,5],[50,6,52,6],[50,7,50,10],[51,7,52,8],[51,9,52,9],[53,3,53,4],[53,7,53,8],[54,3,54,4],[54,7,54,8],[55,3,55,4],[55,7,55,8],[56,3,56,4],[56,7,56,8],[57,3,57,4],[57,7,57,8],[58,3,58,4],[58,7,58,8],[59,3,59,4],[59,7,59,8],[60,3,60,4],[60,7,60,8],[61,3,61,4],[61,7,61,8],[62,3,62,4],[62,7,62,8],[63,3,63,4],[63,7,63,8],[64,3,64,4],[64,7,64,8],[65,3,65,4],[65,7,65,8],[66,3,66,4],[66,7,66,8],[67,3,67,4],[67,7,67,8],[68,0,68,8],[69,0,69,11],[70,0,70,3],[70,4,70,7],[70,8,70,11],[71,0,71,11],[72,0,72,3],[72,4,72,7],[72,8,72,11],[73,0,75,0],[73,1,75,1],[73,2,75,2],[73,3,75,4],[73,5,75,5],[73,6,75,6],[73,7,73,10],[74,7,75,8],[74,9,75,9],[76,3,76,4],[76,7,76,8],[77,3,77,4],[77,7,77,8],[78,3,78,4],[78,7,78,8],[79,3,79,4],[79,7,79,8],[80,3,80,4],[80,7,80,8],[81,3,81,4],[81,7,81,8],[82,3,82,4],[82,7,82,8],[83,3,83,4],[83,7,83,8],[84,3,84,4],[84,7,84,8],[85,3,85,4],[85,7,85,8],[86,3,86,4],[86,7,86,8],[87,3,87,4],[87,7,87,8],[88,3,88,4],[88,7,88,8],[89,3,89,4],[89,7,89,8],[90,3,90,4],[90,7,90,8],[91,3,91,4],[91,7,91,8],[92,0,92,8],[93,0,93,11],[94,0,94,3],[94,4,94,7],[94,8,94,11],[95,0,95,11],[96,0,96,3],[96,4,96,7],[96,8,96,11],[97,0,99,0],[97,1,99,1],[97,2,99,2],[97,3,99,4],[97,5,99,5],[97,6,99,6],[97,7,97,10],[98,7,99,8],[98,9,99,9],[100,3,100,4],[100,7,100,8],[101,3,101,4],[101,7,101,8],[102,3,102,4],[102,7,102,8],[103,3,103,4],[103,7,103,8],[104,3,104,4],[104,7,104,8],[105,3,105,4],[105,7,105,8],[106,3,106,4],[106,7,106,8],[107,3,107,4],[107,7,107,8],[108,3,108,4],[108,7,108,8],[109,3,109,4],[109,7,109,8],[110,3,110,4],[110,7,110,8],[111,3,111,4],[111,7,111,8],[112,3,112,4],[112,7,112,8],[113,3,113,4],[113,7,113,8],[114,3,114,4],[114,7,114,8],[115,3,115,4],[115,7,115,8],[116,3,116,4],[116,7,116,8],[117,3,117,4],[117,7,117,8],[118,3,118,4],[118,7,118,8],[119,3,119,4],[119,7,119,8],[120,3,120,4],[120,7,120,8],[121,3,121,4],[121,7,121,8],[122,3,122,4],[122,7,122,8],[123,3,123,4],[123,7,123,8],[124,3,124,4],[124,7,124,8],[125,3,125,4],[125,7,125,8],[126,3,126,4],[126,7,126,8],[127,3,127,4],[127,7,127,8],[128,0,128,8],[129,0,129,8],[130,0,130,11],[131,0,131,3],[131,4,131,7],[131,8,131,11]]}
["分部分项工程和单价措施项目清单与计价表"]
["工程名称：南村政府大院加装电梯工程（安装部分）",{"$nulls":3},"标段：",{"$nulls":3},"第 1 页  共 5 页"]
["序号","项目编码","项目名称","项目特征描述",null,"计量单位","工程量","金额（元）"]
[{"$nulls":7},"综合单价",null,"综合合价","其中"]
[{"$nulls":10},"暂估价"]
[null,null,"餐厅电",{"$nulls":6},23886.83]
[1,"030404017001","配电箱","1.名称、型号:动力配电箱PBdt1.TF\n2.规格:详图纸\n3.明装，距地1.6米",null,"台",1,2934.75,null,2934.75]
[2,"030408001002","电力电缆","1.名称:铜芯电缆WDZC-YJV-1KV-5*6",null,"m",10,24.36,null,243.6]
[3,"030411001002","配管","1.名称:JDG40",null,"m",10,25.3,null,253]
[4,"030411001001","配管","1.名称:JDG20",null,"m",30,21.35,null,640.5]
[5,"030411004001","配线","1.名称:WDZD-BYJ-3*2.5",null,"m",30,5.37,null,161.1]
[6,"030408001001","电力电缆","1.型号:铜芯电缆WDZC-YJV-1KV-5*10",null,"m",86.06,46.06,null,3963.92]
[7,"030408003002","电缆保护管","1.名称:塑料管PC50",null,"m",9.2,24.37,null,224.2]
[8,"030408003001","电缆保护管","1.名称:钢管SC50",null,"m",44.76,61.21,null,2739.76]
[9,"030411002001","线槽","1.规格:金属线槽MR80*40",null,"m",32.1,33.1,null,1062.51]
[10,"010401011001","砖检查井（长600*宽600*深1200）","1.砖砌检查真是 720*720纤维井盖 井深1200mm",null,"座",1,709.9,null,709.9]
[11,"040101002001","挖沟槽土方","1.人工挖沟槽土方 一、二类土 深度在2m内2.挖掘机挖沟槽、基坑土方 一、二类土",null,"m3",17.2326,8.5,null,146.48]
[12,"041001001001","拆除路面","1.材质:水泥混凝土 \n2.厚度:路面厚度200mm",null,"m2",17.904,22.57,null,404.09]
[13,"041001003001","拆除基层","1.材质:各类基层\n2.厚度:200mm",null,"m2",17.904,18.33,null,328.18]
[14,"040103001001","回填方","1.填方材料品种:粗砂\n2.密实度:按规范要求",null,"m3",10.071,384.04,null,3867.67]
[15,"040103002001","余方弃置","1.废弃料品种:石渣 \n2.运距:15公里",null,"m3",3.5808,75.28,null,269.56]
[16,"040103002002","余方弃置","1.废弃料品种:-般土壤和碎(砾)石 \n2.运距:15公里",null,"m3",13.6518,50.53,null,689.83]
["本页小计",{"$nulls":8},18639.05]
["注：为计取规费等的使用，可在表中增设其中：“定额人工费”。"]
[{"$nulls":8},"表—08"]
["分部分项工程和单价措施项目清单与计价表"]
["工程名称：南村政府大院加装电梯工程（安装部分）",{"$nulls":3},"标段：",{"$nulls":3},"第 2 页  共 5 页"]
["序号","项目编码","项目名称","项目特征描述",null,"计量单位","工程量","金额（元）"]
[{"$nulls":7},"综合单价",null,"综合合价","其中"]
[{"$nulls":10},"暂估价"]
[17,"040202015001","水泥稳定碎(砾)石","1.厚度:200mm \n2.水泥含量:6％ \n3.石料规格:石粉",null,"m2",17.904,73.82,null,1321.67]
[18,"040203007001","水泥混凝土","1.混凝土强度等级:C25混凝土\n2.厚度:200mm    \n3.掺合料:无 \n4.配合比:按规范要求",null,"m2",17.904,168.66,null,3019.69]
[19,"030414002002","送配电装置系统","1.送配电装置系统调试 (综合) 1kV以下交流供电",null,"系统",1,906.42,null,906.42]
[null,null,"宿舍电",{"$nulls":6},31740.35]
[20,"030404017002","配电箱","1.名称、型号:动力配电箱PBdt2.TF\n2.规格:详图纸\n3.明装，距地1.6米",null,"台",1,2934.75,null,2934.75]
[21,"030408001003","电力电缆","1.名称:铜芯电缆WDZC-YJV-1KV-5*6",null,"m",10,24.36,null,243.6]
[22,"030411001003","配管","1.名称:JDG40",null,"m",10,25.3,null,253]
[23,"030411001004","配管","1.名称:JDG20",null,"m",50,21.35,null,1067.5]
[24,"030411004002","配线","1.名称:WDZD-BYJ-3*2.5",null,"m",50,5.37,null,268.5]
[25,"030408001004","电力电缆","1.型号:铜芯电缆WDZC-YJV-1KV-5*10",null,"m",86.06,46.06,null,3963.92]
[26,"030408003003","电缆保护管","1.名称:塑料管PC50",null,"m",25.375,24.37,null,618.39]
[27,"030408003004","电缆保护管","1.名称:钢管SC50",null,"m",59.37,61.21,null,3634.04]
[28,"030411002002","线槽","1.规格:金属线槽MR80*40",null,"m",84.51,33.1,null,2797.28]
[29,"030412005001","荧光灯","1.名称:单管荧光灯 1*18W LED\n2.安装形式:吸顶安装",null,"套",1,58.39,null,58.39]
[30,"030404034001","照明开关","1.名称:单联开关 ~250V 10A\n2.安装方式:明装，距地1.4米",null,"个",1,21.92,null,21.92]
["本页小计",{"$nulls":8},21109.07]
["注：为计取规费等的使用，可在表中增设其中：“定额人工费”。"]
[{"$nulls":8},"表—08"]
["分部分项工程和单价措施项目清单与计价表"]
["工程名称：南村政府大院加装电梯工程（安装部分）",{"$nulls":3},"标段：",{"$nulls":3},"第 3 页  共 5 页"]
["序号","项目编码","项目名称","项目特征描述",null,"计量单位","工程量","金额（元）"]
[{"$nulls":7},"综合单价",null,"综合合价","其中"]
[{"$nulls":10},"暂估价"]
[31,"030404035001","插座","1.名称:二三孔插座（安全型) ~250V 10A\n2.安装方式:明装，距地1.4米",null,"个",1,19.4,null,19.4]
[32,"030404033001","风扇","1.名称:排气扇 1*50W\n2.安装方式:距梁底0.3米安装",null,"台",1,206.73,null,206.73]
[33,"010401011002","砖检查井（长600*宽600*深1200）","1.砖砌检查真是 720*720纤维井盖 井深1200mm",null,"座",2,709.9,null,1419.8]
[34,"040101002002","挖沟槽土方","1.人工挖沟槽土方 一、二类土 深度在2m内2.挖掘机挖沟槽、基坑土方 一、二类土",null,"m3",22.8575,8.5,null,194.29]
[35,"041001001002","拆除路面","1.材质:水泥混凝土 \n2.厚度:路面厚度200mm",null,"m2",23.748,22.57,null,535.99]
[36,"041001003002","拆除基层","1.材质:各类基层\n2.厚度:200mm",null,"m2",23.748,18.33,null,435.3]
[37,"040103001002","回填方","1.填方材料品种:粗砂\n2.密实度:按规范要求",null,"m3",13.3583,384.04,null,5130.12]
[38,"040103002003","余方弃置","1.废弃料品种:石渣 \n2.运距:15公里",null,"m3",4.7496,75.29,null,357.6]
[39,"040103002004","余方弃置","1.废弃料品种:-般土壤和碎(砾)石 \n2.运距:15公里",null,"m3",18.1079,50.53,null,914.99]
[40,"040202015002","水泥稳定碎(砾)石","1.厚度:200mm \n2.水泥含量:6％ \n3.石料规格:石粉",null,"m2",23.748,73.82,null,1753.08]
[41,"040203007002","水泥混凝土","1.混凝土强度等级:C25混凝土\n2.厚度:200mm    \n3.掺合料:无 \n4.配合比:按规范要求",null,"m2",23.748,168.66,null,4005.34]
[42,"030414002001","送配电装置系统","1.送配电装置系统调试 (综合) 1kV以下交流供电",null,"系统",1,906.42,null,906.42]
[null,null,"餐厅防雷",{"$nulls":6},3271.24]
[43,"030409005001","避雷网","1.避雷网安装 沿混凝土块敷设 φ12热镀锌圆钢 高出女儿墙150mm",null,"m",17.1,20.2,null,345.42]
[44,"030409006001","避雷针","1.避雷小短针在避雷网上安装 φ12×500mm热镀锌圆钢",null,"根",4,314.24,null,1256.96]
["本页小计",{"$nulls":8},17481.44]
["注：为计取规费等的使用，可在表中增设其中：“定额人工费”。"]
[{"$nulls":8},"表—08"]
["分部分项工程和单价措施项目清单与计价表"]
["工程名称：南村政府大院加装电梯工程（安装部分）",{"$nulls":3},"标段：",{"$nulls":3},"第 4 页  共 5 页"]
["序号","项目编码","项目名称","项目特征描述",null,"计量单位","工程量","金额（元）"]
[{"$nulls":7},"综合单价",null,"综合合价","其中"]
[{"$nulls":10},"暂估价"]
[45,"030409001001","接地极","1.名称:接地电阻测量点",null,"块",2,115.13,null,230.26]
[46,"030409002001","接地母线","1.名称:基础接地连接线，利用承台底筋及地梁底筋作为防雷接地体与所经引下线可靠连通",null,"m",14,29.58,null,414.12]
[47,"030409003001","避雷引下线","1.避雷引下线敷设 利用建筑物柱内对角两条主筋引下",null,"m",53.2,18.7,null,994.84]
[48,"030409008001","等电位端子箱、测试板","1.名称:电气接地端子",null,"块",2,14.82,null,29.64]
[null,null,"宿舍防雷",{"$nulls":6},4381.6]
[49,"030409005002","避雷网","1.避雷网安装 沿混凝土块敷设 φ12热镀锌圆钢 高出女儿墙150mm",null,"m",15.2,20.2,null,307.04]
[50,"030409006002","避雷针","1.避雷小短针在避雷网上安装 φ12×500mm热镀锌圆钢",null,"根",4,314.24,null,1256.96]
[51,"030409001002","接地极","1.名称:接地电阻测量点",null,"块",2,115.13,null,230.26]
[52,"030409002002","接地母线","1.名称:基础接地连接线，利用承台底筋及地梁底筋作为防雷接地体与所经引下线可靠连通",null,"m",12,29.58,null,354.96]
[53,"030409003002","避雷引下线","1.避雷引下线敷设 利用建筑物柱内对角两条主筋引下",null,"m",98.3,18.7,null,1838.21]
[54,"030409008002","等电位端子箱、测试板","1.名称:电气接地端子",null,"块",4,14.82,null,59.28]
[55,"030409008003","等电位端子箱、测试板",null,null,"台",1,334.89,null,334.89]
[null,null,"给排水部分",{"$nulls":6},2629.05]
[56,"031001006001","塑料管","1.安装部位:室外  \n2.输送介质:排水  \n3.材质:UPVC  \n4.型号、规格:DN150mm  \n5.连接方式:粘接连接",null,"m",49.925,52.66,null,2629.05]
[null,null,"措施项目"]
[57,"031302007001","高层施工增加",null,null,"项",1]
["本页小计",{"$nulls":8},8679.51]
["注：为计取规费等的使用，可在表中增设其中：“定额人工费”。"]
[{"$nulls":8},"表—08"]
["分部分项工程和单价措施项目清单与计价表"]
["工程名称：南村政府大院加装电梯工程（安装部分）",{"$nulls":3},"标段：",{"$nulls":3},"第 5 页  共 5 页"]
["序号","项目编码","项目名称","项目特征描述",null,"计量单位","工程量","金额（元）"]
[{"$nulls":7},"综合单价",null,"综合合价","其中"]
[{"$nulls":10},"暂估价"]
[58,"031301017001","脚手架搭拆费",null,null,"项",1]
{"$rows_empty":27}
["本页小计"]
["合   计",{"$nulls":8},65909.07]
["注：为计取规费等的使用，可在表中增设其中：“定额人工费”。"]
[{"$nulls":8},"表—08"]

{"sheet":"1.1.1综合单价计算表","index":2,"n_rows":172,"n_cols":14,"rows_kept":172,"merged":[[0,0,0,14],[1,0,1,9],[1,10,1,14],[2,0,3,0],[2,1,3,1],[2,2,3,3],[2,4,3,4],[2,5,3,5],[2,6,2,12],[2,13,3,13],[3,9,3,10],[4,2,4,3],[4,9,4,10],[5,0,6,0],[5,2,5,3],[5,9,5,10],[5,13,5,13],[6,2,6,3],[6,9,6,10],[6,13,6,13],[7,0,8,0],[7,2,7,3],[7,9,7,10],[7,13,7,13],[8,2,8,3],[8,9,8,10],[8,13,8,13],[9,0,10,0],[9,2,9,3],[9,9,9,10],[9,13,9,13],[10,2,10,3],[10,9,10,10],[10,13,10,13],[11,0,12,0],[11,2,11,3],[11,9,11,10],[11,13,11,13],[12,2,12,3],[12,9,12,10],[12,13,12,13],[13,0,14,0],[13,2,13,3],[13,9,13,10],[13,13,13,13],[14,2,14,3],[14,9,14,10],[14,13,14,13],[15,0,16,0],[15,2,15,3],[15,9,15,10],[15,13,15,13],[16,2,16,3],[16,9,16,10],[16,13,16,13],[17,0,18,0],[17,2,17,3],[17,9,17,10],[17,13,17,13],[18,2,18,3],[18,9,18,10],[18,13,18,13],[19,0,19,0],[19,2,19,3],[19,9,19,10],[19,13,19,13],[20,0,20,14],[21,0,21,9],[21,10,21,14],[22,0,23,0],[22,1,23,1],[22,2,23,3],[22,4,23,4],[22,5,23,5],[22,6,22,12],[22,13,23,13],[23,9,23,10],[24,0,24,0],[24,2,24,3],[24,9,24,10],[24,13,24,13],[25,0,26,0],[25,2,25,3],[25,9,25,10],[25,13,25,13],[26,2,26,3],[26,9,26,10],[26,13,26,13],[27,0,29,0],[27,2,27,3],[27,9,27,10],[27,13,27,13],[28,2,28,3],[28,9,28,10],[28,13,29,13],[29,2,29,3],[29,9,29,10],[30,0,32,0],[30,2,30,3],[30,9,30,10],[30,13,30,13],[31,2,31,3],[31,9,31,10],[31,13,32,13],[32,2,32,3],[32,9,32,10],[33,0,34,0],[33,2,33,3],[33,9,33,10],[33,13,33,13],[34,2,34,3],[34,9,34,10],[34,13,34,13],[35,0,35,0],[35,2,35,3],[35,9,35,10],[35,13,35,13],[36,0,36,14],[37,0,37,9],[37,10,37,14],[38,0,39,0],[38,1,39,1],[38,2,39,3],[38,4,39,4],[38,5,39,5],[38,6,38,12],[38,13,39,13],[39,9,39,10],[40,0,40,0],[40,2,40,3],[40,9,40,10],[40,13,40,13],[41,0,42,0],[41,2,41,3],[41,9,41,10],[41,13,41,13],[42,2,42,3],[42,9,42,10],[42,13,42,13],[43,0,45,0],[43,2,43,3],[43,9,43,10],[43,13,43,13],[44,2,44,3],[44,9,44,10],[44,13,45,13],[45,2,45,3],[45,9,45,10],[46,0,48,0],[46,2,46,3],[46,9,46,10],[46,13,46,13],[47,2,47,3],[47,9,47,10],[47,13,48,13],[48,2,48,3],[48,9,48,10],[49,0,50,0],[49,2,49,3],[49,9,49,10],[49,13,49,13],[50,2,50,3],[50,9,50,10],[50,13,50,13],[51,0,53,0],[51,2,51,3],[51,9,51,10],[51,13,51,13],[52,2,52,3],[52,9,52,10],[52,13,53,13],[53,2,53,3],[53,9,53,10],[54,0,54,14],[55,0,55,9],[55,10,55,14],[56,0,57,0],[56,1,57,1],[56,2,57,3],[56,4,57,4],[56,5,57,5],[56,6,56,12],[56,13,57,13],[57,9,57,10],[58,0,59,0],[58,2,58,3],[58,9,58,10],[58,13,58,13],[59,2,59,3],[59,9,59,10],[59,13,59,13],[60,2,60,3],[60,9,60,10],[61,0,62,0],[61,2,61,3],[61,9,61,10],[61,13,61,13],[62,2,62,3],[62,9,62,10],[62,13,62,13],[63,0,64,0],[63,2,63,3],[63,9,63,10],[63,13,63,13],[64,2,64,3],[64,9,64,10],[64,13,64,13],[65,0,66,0],[65,2,65,3],[65,9,65,10],[65,13,65,13],[66,2,66,3],[66,9,66,10],[66,13,66,13],[67,0,68,0],[67,2,67,3],[67,9,67,10],[67,13,67,13],[68,2,68,3],[68,9,68,10],[68,13,68,13],[69,0,70,0],[69,2,69,3],[69,9,69,10],[69,13,69,13],[70,2,70,3],[70,9,70,10],[70,13,70,13],[71,0,72,0],[71,2,71,3],[71,9,71,10],[71,13,71,13],[72,2,72,3],[72,9,72,10],[72,13,72,13],[73,0,73,0],[73,2,73,3],[73,9,73,10],[73,13,73,13],[74,0,74,14],[75,0,75,9],[75,10,75,14],[76,0,77,0],[76,1,77,1],[76,2,77,3],[76,4,77,4],[76,5,77,5],[76,6,76,12],[76,13,77,13],[77,9,77,10],[78,0,78,0],[78,2,78,3],[78,9,78,10],[78,13,78,13],[79,0,80,0],[79,2,79,3],[79,9,79,10],[79,13,79,13],[80,2,80,3],[80,9,80,10],[80,13,80,13],[81,0,82,0],[81,2,81,3],[81,9,81,10],[81,13,81,13],[82,2,82,3],[82,9,82,10],[82,13,82,13],[83,0,84,0],[83,2,83,3],[83,9,83,10],[83,13,83,13],[84,2,84,3],[84,9,84,10],[84,13,84,13],[85,0,86,0],[85,2,85,3],[85,9,85,10],[85,13,85,13],[86,2,86,3],[86,9,86,10],[86,13,86,13],[87,0,88,0],[87,2,87,3],[87,9,87,10],[87,13,87,13],[88,2,88,3],[88,9,88,10],[88,13,88,13],[89,0,90,0],[89,2,89,3],[89,9,89,10],[89,13,89,13],[90,2,90,3],[90,9,90,10],[90,13,90,13],[91,0,92,0],[91,2,91,3],[91,9,91,10],[91,13,91,13],[92,2,92,3],[92,9,92,10],[92,13,92,13],[93,0,93,14],[94,0,94,9],[94,10,94,14],[95,0,96,0],[95,1,96,1],[95,2,96,3],[95,4,96,4],[95,5,96,5],[95,6,95,12],[95,13,96,13],[96,9,96,10],[97,0,97,0],[97,2,97,3],[97,9,97,10],[97,13,97,13],[98,0,100,0],[98,2,98,3],[98,9,98,10],[98,13,98,13],[99,2,99,3],[99,9,99,10],[99,13,100,13],[100,2,100,3],[100,9,100,10],[101,0,102,0],[101,2,101,3],[101,9,101,10],[101,13,101,13],[102,2,102,3],[102,9,102,10],[102,13,102,13],[103,0,104,0],[103,2,103,3],[103,9,103,10],[103,13,103,13],[104,2,104,3],[104,9,104,10],[104,13,104,13],[105,0,106,0],[105,2,105,3],[105,9,105,10],[105,13,105,13],[106,2,106,3],[106,9,106,10],[106,13,106,13],[107,0,107,0],[107,2,107,3],[107,9,107,10],[107,13,107,13],[108,0,108,14],[109,0,109,9],[109,10,109,14],[110,0,111,0],[110,1,111,1],[110,2,111,3],[110,4,111,4],[110,5,111,5],[110,6,110,12],[110,13,111,13],[111,9,111,10],[112,0,112,0],[112,2,112,3],[112,9,112,10],[112,13,113,13],[113,0,116,0],[113,2,113,3],[113,9,113,10],[114,2,114,3],[114,9,114,10],[114,13,114,13],[115,2,115,3],[115,9,115,10],[115,13,116,13],[116,2,116,3],[116,9,116,10],[117,0,118,0],[117,2,117,3],[117,9,117,10],[117,13,117,13],[118,2,118,3],[118,9,118,10],[118,13,118,13],[119,0,120,0],[119,2,119,3],[119,9,119,10],[119,13,119,13],[120,2,120,3],[120,9,120,10],[120,13,120,13],[121,0,122,0],[121,2,121,3],[121,9,121,10],[121,13,121,13],[122,2,122,3],[122,9,122,10],[122,13,122,13],[123,2,123,3],[123,9,123,10],[124,0,125,0],[124,2,124,3],[124,9,124,10],[124,13,124,13],[125,2,125,3],[125,9,125,10],[125,13,125,13],[126,0,126,14],[127,0,127,9],[127,10,127,14],[128,0,129,0],[128,1,129,1],[128,2,129,3],[128,4,129,4],[128,5,129,5],[128,6,128,12],[128,13,129,13],[129,9,129,10],[130,0,132,0],[130,2,130,3],[130,9,130,10],[130,13,130,13],[131,2,131,3],[131,9,131,10],[131,13,132,13],[132,2,132,3],[132,9,132,10],[133,0,134,0],[133,2,133,3],[133,9,133,10],[133,13,133,13],[134,2,134,3],[134,9,134,10],[134,13,134,13],[135,0,136,0],[135,2,135,3],[135,9,135,10],[135,13,135,13],[136,2,136,3],[136,9,136,10],[136,13,136,13],[137,0,138,0],[137,2,137,3],[137,9,137,10],[137,13,137,13],[138,2,138,3],[138,9,138,10],[138,13,138,13],[139,0,140,0],[139,2,139,3],[139,9,139,10],[139,13,139,13],[140,2,140,3],[140,9,140,10],[140,13,140,13],[141,2,141,3],[141,9,141,10],[142,0,143,0],[142,2,142,3],[142,9,142,10],[142,13,142,13],[143,2,143,3],[143,9,143,10],[143,13,143,13],[144,0,146,0],[144,2,144,3],[144,9,144,10],[144,13,144,13],[145,2,145,3],[145,9,145,10],[145,13,146,13],[146,2,146,3],[146,9,146,10],[147,0,148,0],[147,2,147,3],[147,9,147,10],[147,13,147,13],[148,2,148,3],[148,9,148,10],[148,13,148,13],[149,0,149,14],[150,0,150,9],[150,10,150,14],[151,0,152,0],[151,1,152,1],[151,2,152,3],[151,4,152,4],[151,5,152,5],[151,6,151,12],[151,13,152,13],[152,9,152,10],[153,0,154,0],[153,2,153,3],[153,9,153,10],[153,13,153,13],[154,2,154,3],[154,9,154,10],[154,13,154,13],[155,0,156,0],[155,2,155,3],[155,9,155,10],[155,13,155,13],[156,2,156,3],[156,9,156,10],[156,13,156,13],[157,0,158,0],[157,2,157,3],[157,9,157,10],[157,13,157,13],[158,2,158,3],[158,9,158,10],[158,13,158,13],[159,0,160,0],[159,2,159,3],[159,9,159,10],[159,13,159,13],[160,2,160,3],[160,9,160,10],[160,13,160,13],[161,2,161,3],[161,9,161,10],[162,0,163,0],[162,2,162,3],[162,9,162,10],[162,13,162,13],[163,2,163,3],[163,9,163,10],[163,13,163,13],[164,0,164,0],[164,2,164,3],[164,9,164,10],[164,13,164,13],[165,0,165,0],[165,2,165,3],[165,9,165,10],[165,13,165,13],[166,0,166,0],[166,2,166,3],[166,9,166,10],[166,13,166,13],[167,0,167,0],[167,2,167,3],[167,9,167,10],[167,13,167,13],[168,0,168,0],[168,2,168,3],[168,9,168,10],[168,13,168,13],[169,0,169,0],[169,2,169,3],[169,9,169,10],[169,13,169,13],[170,0,170,0],[170,2,170,3],[170,9,170,10],[170,13,170,13],[171,2,171,3],[171,9,171,10]]}
["综合单价计算表"]
["工程名称：南村政府大院加装电梯工程（安装部分）",{"$nulls":9},"第 1 页 共 9 页"]
["序号","编码","名称",null,"单位","工程量 ","其中：（元）",{"$nulls":6},"综合单价\n（元）"]
[{"$nulls":6},"人工费","材料费","机具费","管理费",null,"利润","小计"]
[null,null,"餐厅电"]
[1,"030404017001","配电箱",null,"台","1",172.7,2677.88,null,49.63,null,34.54,2934.75]
[null,"C4-4-31","成套配电箱安装 悬挂式(半周长m以内) 1",null,"台",1,172.7,2677.88,null,49.63,null,34.54,2934.75,2934.75]
[2,"030408001002","电力电缆",null,"m","10",4.21,17.97,0.09,1.24,null,0.86,24.36]
[null,"C4-8-1 *1.3","铜芯电力电缆敷设 电缆(截面mm2以下) 10 \u007f实际电缆芯数(芯):5",null,"100m",0.1,4.21,17.97,0.09,1.24,null,0.86,24.36,24.36]
[3,"030411001002","配管",null,"m","10",12.09,7.21,0.08,3.49,null,2.43,25.3]
[null,"C4-11-5","镀锌电线管砖、混凝土结构明配 公称直径(mm以内) 40",null,"100m",0.1,12.09,7.21,0.08,3.5,null,2.43,25.3,25.3]
[4,"030411001001","配管",null,"m","30",10.57,5.63,null,3.04,null,2.11,21.35]
[null,"C4-11-2","镀锌电线管砖、混凝土结构明配 公称直径(mm以内) 20",null,"100m",0.3,10.57,5.63,null,3.04,null,2.11,21.35,21.35]
[5,"030411004001","配线",null,"m","30",0.78,4.22,null,0.22,null,0.16,5.37]
[null,"C4-11-215","硬绝缘导线管内穿线 导线截面(mm2以内) 2.5",null,"100m单线",0.3,0.78,4.22,null,0.22,null,0.16,5.37,5.37]
[6,"030408001001","电力电缆",null,"m","86.06",10.73,28.72,0.92,3.35,null,2.33,46.06]
[null,"C4-8-3 *1.3","铜芯电力电缆敷设 电缆(截面mm2以下) 70 \u007f实际电缆芯数(芯):5",null,"100m",0.8606,10.73,28.72,0.92,3.35,null,2.33,46.06,46.06]
[7,"030408003002","电缆保护管",null,"m","9.2",10.23,9.15,null,2.94,null,2.05,24.37]
[null,"C4-8-67","电缆保护管明敷设 塑料管(公称直径mm以下) 100",null,"10m",0.92,10.23,9.15,null,2.94,null,2.05,24.37,24.37]
[8,"030408003001","电缆保护管",null,"m","44.76",26.67,20.57,0.65,7.85,null,5.47,61.21]
["综合单价计算表"]
["工程名称：南村政府大院加装电梯工程（安装部分）",{"$nulls":9},"第 2 页 共 9 页"]
["序号","编码","名称",null,"单位","工程量 ","其中：（元）",{"$nulls":6},"综合单价\n（元）"]
[{"$nulls":6},"人工费","材料费","机具费","管理费",null,"利润","小计"]
[null,"C4-8-55","电缆保护管埋地敷设 钢管(公称直径mm以下) 100",null,"10m",4.476,26.67,20.57,0.65,7.85,null,5.46,61.21,61.21]
[9,"030411002001","线槽",null,"m","32.1",12.21,14.94,null,3.51,null,2.44,33.1]
[null,"C4-11-150","金属线槽安装 宽+高(mm以内) 120",null,"10m",3.21,12.21,14.95,null,3.51,null,2.44,33.1,33.1]
[10,"010401011001","砖检查井（长600*宽600*深1200）",null,"座","1",276.46,337.53,null,40.63,null,55.29,709.9]
[null,"借A1-4-88 换","砂井(水泥砂浆面) 砖 \u007f合并制作子目 普通预拌混凝土 碎石粒径综合考虑 C20 \u007f合并制作子目 普通预拌混凝土 碎石粒径综合考虑 C15 \u007f合并制作子目 湿拌砌筑砂浆 砌筑灰缝≥5mm M5 \u007f合并制作子目 湿拌抹灰砂浆 一次抹灰厚度≥5mm M10",null,"10个",0.1,243.96,155.57,null,36.94,null,48.79,485.25,709.9]
[null,"F-3-16","人行道装饰井盖安置 人行道装饰井盖(每个) 0.5m2内",null,"m2",0.5184,32.5,181.96,null,3.69,null,6.5,224.65]
[11,"040101002001","挖沟槽土方",null,"m3","17.2326",2.54,null,3.87,0.81,null,1.28,8.5]
[null,"借D1-1-10","人工挖沟槽土方 一、二类土 深度在2m内",null,"100m3天然密实方",0.01034,1.87,null,null,0.24,null,0.37,2.48,8.5]
[null,"借D1-1-33","挖掘机挖沟槽、基坑土方 一、二类土",null,"1000m3天然密实方",0.016199,0.67,null,3.87,0.57,null,0.91,6.02]
[12,"041001001001","拆除路面",null,"m2","17.904",12.67,0.12,4.26,2.13,null,3.39,22.57]
[null,"借D1-4-3 换","小型机械拆除混凝土类路面层 无筋 厚15cm内 \u007f实际厚度(cm):20",null,"100m2",0.17904,12.67,0.12,4.26,2.13,null,3.39,22.57,22.57]
[13,"041001003001","拆除基层",null,"m2","17.904",10.34,0.11,3.41,1.73,null,2.75,18.33]
["综合单价计算表"]
["工程名称：南村政府大院加装电梯工程（安装部分）",{"$nulls":9},"第 3 页 共 9 页"]
["序号","编码","名称",null,"单位","工程量 ","其中：（元）",{"$nulls":6},"综合单价\n（元）"]
[{"$nulls":6},"人工费","材料费","机具费","管理费",null,"利润","小计"]
[null,"借D1-4-11 换","小型机械拆除各类底层 厚15cm内 \u007f实际厚度(cm):20",null,"100m2",0.17904,10.34,0.11,3.41,1.73,null,2.75,18.33,18.33]
[14,"040103001001","回填方",null,"m3","10.071",15.98,361.06,1.34,2.19,null,3.47,384.04]
[null,"借D1-1-134","管(基)坑回填砂",null,"100m3",0.10071,15.98,361.06,1.34,2.19,null,3.47,384.04,384.04]
[15,"040103002001","余方弃置",null,"m3","3.5808",14.97,null,41.8,7.16,null,11.35,75.28]
[null,"借D1-1-81","人工装自卸汽车 石方",null,"100m3天然密实方",0.035808,14.97,null,null,1.89,null,2.99,19.85,75.28]
[null,"借D1-1-126 换","自卸汽车运石方 运距1km \u007f实际运距(km):15",null,"1000m3天然密实方",0.003581,null,null,41.8,5.27,null,8.36,55.43]
[16,"040103002002","余方弃置",null,"m3","13.6518",11.21,null,26.9,4.8,null,7.62,50.53]
[null,"借D1-1-27","人工装自卸汽车 土方",null,"100m3天然密实方",0.136518,11.21,null,null,1.41,null,2.24,14.86,50.53]
[null,"借D1-1-53 换","自卸汽车运土方 运距1km内 \u007f实际运距(km):15",null,"1000m3天然密实方",0.013652,null,null,26.9,3.39,null,5.38,35.67]
[17,"040202015001","水泥稳定碎(砾)石",null,"m2","17.904",10.59,56.86,2.31,1.47,null,2.58,73.82]
[null,"借D2-2-1 换","路拌铺筑水泥石屑混合料 水泥含量 6% 厚度 15cm \u007f实际厚度(cm):20",null,"100m2",0.17904,10.59,56.86,2.31,1.47,null,2.58,73.82,73.82]
[18,"040203007001","水泥混凝土",null,"m2","17.904",31.37,127.03,0.32,3.6,null,6.34,168.66]
[null,"借D2-3-46","水泥混凝土路面 厚度 20cm",null,"100m2",0.17904,31.37,1.98,0.32,3.6,null,6.34,43.61,168.66]
[null,"借8021904","普通预拌混凝土 碎石粒径综合考虑 C25",null,"m3",3.6524,null,125.05,{"$nulls":4},125.05]
["综合单价计算表"]
["工程名称：南村政府大院加装电梯工程（安装部分）",{"$nulls":9},"第 4 页 共 9 页"]
["序号","编码","名称",null,"单位","工程量 ","其中：（元）",{"$nulls":6},"综合单价\n（元）"]
[{"$nulls":6},"人工费","材料费","机具费","管理费",null,"利润","小计"]
[19,"030414002002","送配电装置系统",null,"系统","1",560.6,null,48.8,175.14,null,121.88,906.42]
[null,"C4-14-12","送配电装置系统调试 (综合) 1kV以下交流供电",null,"系统",1,560.6,null,48.8,175.14,null,121.88,906.42,906.42]
[null,null,"宿舍电"]
[20,"030404017002","配电箱",null,"台","1",172.7,2677.88,null,49.63,null,34.54,2934.75]
[null,"C4-4-31","成套配电箱安装 悬挂式(半周长m以内) 1",null,"台",1,172.7,2677.88,null,49.63,null,34.54,2934.75,2934.75]
[21,"030408001003","电力电缆",null,"m","10",4.21,17.97,0.09,1.24,null,0.86,24.36]
[null,"C4-8-1 *1.3","铜芯电力电缆敷设 电缆(截面mm2以下) 10 \u007f实际电缆芯数(芯):5",null,"100m",0.1,4.21,17.97,0.09,1.24,null,0.86,24.36,24.36]
[22,"030411001003","配管",null,"m","10",12.09,7.21,0.08,3.49,null,2.43,25.3]
[null,"C4-11-5","镀锌电线管砖、混凝土结构明配 公称直径(mm以内) 40",null,"100m",0.1,12.09,7.21,0.08,3.5,null,2.43,25.3,25.3]
[23,"030411001004","配管",null,"m","50",10.57,5.63,null,3.04,null,2.11,21.35]
[null,"C4-11-2","镀锌电线管砖、混凝土结构明配 公称直径(mm以内) 20",null,"100m",0.5,10.57,5.63,null,3.04,null,2.11,21.35,21.35]
[24,"030411004002","配线",null,"m","50",0.78,4.22,null,0.22,null,0.16,5.37]
[null,"C4-11-215","硬绝缘导线管内穿线 导线截面(mm2以内) 2.5",null,"100m单线",0.5,0.78,4.22,null,0.22,null,0.16,5.37,5.37]
[25,"030408001004","电力电缆",null,"m","86.06",10.73,28.72,0.92,3.35,null,2.33,46.06]
[null,"C4-8-3 *1.3","铜芯电力电缆敷设 电缆(截面mm2以下) 70 \u007f实际电缆芯数(芯):5",null,"100m",0.8606,10.73,28.72,0.92,3.35,null,2.33,46.06,46.06]
[26,"030408003003","电缆保护管",null,"m","25.375",10.23,9.15,null,2.94,null,2.05,24.37]
["综合单价计算表"]
["工程名称：南村政府大院加装电梯工程（安装部分）",{"$nulls":9},"第 5 页 共 9 页"]
["序号","编码","名称",null,"单位","工程量 ","其中：（元）",{"$nulls":6},"综合单价\n（元）"]
[{"$nulls":6},"人工费","材料费","机具费","管理费",null,"利润","小计"]
[null,"C4-8-67","电缆保护管明敷设 塑料管(公称直径mm以下) 100",null,"10m",2.5375,10.23,9.15,null,2.94,null,2.05,24.36,24.37]
[27,"030408003004","电缆保护管",null,"m","59.37",26.67,20.57,0.65,7.85,null,5.47,61.21]
[null,"C4-8-55","电缆保护管埋地敷设 钢管(公称直径mm以下) 100",null,"10m",5.937,26.67,20.57,0.65,7.85,null,5.47,61.21,61.21]
[28,"030411002002","线槽",null,"m","84.51",12.21,14.94,null,3.51,null,2.44,33.1]
[null,"C4-11-150","金属线槽安装 宽+高(mm以内) 120",null,"10m",8.451,12.21,14.95,null,3.51,null,2.44,33.1,33.1]
[29,"030412005001","荧光灯",null,"套","1",19.74,29.02,null,5.67,null,3.95,58.39]
[null,"C4-12-245","普通成套型荧光灯具安装 吸顶式 单管",null,"10套",0.1,19.74,29.02,null,5.67,null,3.95,58.39,58.39]
[30,"030404034001","照明开关",null,"个","1",7.79,10.34,null,2.24,null,1.56,21.92]
[null,"C4-4-116","照明开关安装 扳式暗开关(单控) 单联",null,"10个",0.1,7.79,10.34,null,2.24,null,1.56,21.92,21.92]
[31,"030404035001","插座",null,"个","1",7.95,7.58,null,2.29,null,1.59,19.4]
[null,"C4-4-131","单相明插座安装 单相(A以下) 16",null,"10个",0.1,7.95,7.58,null,2.29,null,1.59,19.4,19.4]
[32,"030404033001","风扇",null,"台","1",58.6,119.57,null,16.84,null,11.72,206.73]
[null,"C4-4-114","风扇安装 排气扇",null,"台",1,58.6,119.57,null,16.84,null,11.72,206.73,206.73]
[33,"010401011002","砖检查井（长600*宽600*深1200）",null,"座","2",276.46,337.53,null,40.63,null,55.29,709.9]
[null,"F-3-16","人行道装饰井盖安置 人行道装饰井盖(每个) 0.5m2内",null,"m2",1.0368,32.51,181.96,null,3.69,null,6.5,224.66,709.9]
["综合单价计算表"]
["工程名称：南村政府大院加装电梯工程（安装部分）",{"$nulls":9},"第 6 页 共 9 页"]
["序号","编码","名称",null,"单位","工程量 ","其中：（元）",{"$nulls":6},"综合单价\n（元）"]
[{"$nulls":6},"人工费","材料费","机具费","管理费",null,"利润","小计"]
[null,"借A1-4-88 换","砂井(水泥砂浆面) 砖 \u007f合并制作子目 普通预拌混凝土 碎石粒径综合考虑 C20 \u007f合并制作子目 普通预拌混凝土 碎石粒径综合考虑 C15 \u007f合并制作子目 湿拌砌筑砂浆 砌筑灰缝≥5mm M5 \u007f合并制作子目 湿拌抹灰砂浆 一次抹灰厚度≥5mm M10",null,"10个",0.2,243.96,155.57,null,36.94,null,48.79,485.25]
[34,"040101002002","挖沟槽土方",null,"m3","22.8575",2.54,null,3.87,0.81,null,1.28,8.5]
[null,"借D1-1-10","人工挖沟槽土方 一、二类土 深度在2m内",null,"100m3天然密实方",0.013715,1.87,null,null,0.24,null,0.37,2.48,8.5]
[null,"借D1-1-33","挖掘机挖沟槽、基坑土方 一、二类土",null,"1000m3天然密实方",0.021486,0.67,null,3.87,0.57,null,0.91,6.02]
[35,"041001001002","拆除路面",null,"m2","23.748",12.67,0.12,4.26,2.13,null,3.39,22.57]
[null,"借D1-4-3 换","小型机械拆除混凝土类路面层 无筋 厚15cm内 \u007f实际厚度(cm):20",null,"100m2",0.23748,12.67,0.12,4.26,2.13,null,3.39,22.57,22.57]
[36,"041001003002","拆除基层",null,"m2","23.748",10.34,0.11,3.41,1.73,null,2.75,18.33]
[null,"借D1-4-11 换","小型机械拆除各类底层 厚15cm内 \u007f实际厚度(cm):20",null,"100m2",0.23748,10.34,0.11,3.41,1.73,null,2.75,18.33,18.33]
[37,"040103001002","回填方",null,"m3","13.3583",15.98,361.06,1.34,2.19,null,3.47,384.04]
[null,"借D1-1-134","管(基)坑回填砂",null,"100m3",0.133583,15.98,361.06,1.34,2.19,null,3.47,384.04,384.04]
[38,"040103002003","余方弃置",null,"m3","4.7496",14.97,null,41.8,7.16,null,11.35,75.29]
["综合单价计算表"]
["工程名称：南村政府大院加装电梯工程（安装部分）",{"$nulls":9},"第 7 页 共 9 页"]
["序号","编码","名称",null,"单位","工程量 ","其中：（元）",{"$nulls":6},"综合单价\n（元）"]
[{"$nulls":6},"人工费","材料费","机具费","管理费",null,"利润","小计"]
[null,"借D1-1-81","人工装自卸汽车 石方",null,"100m3天然密实方",0.047496,14.97,null,null,1.89,null,2.99,19.85,75.29]
[null,"借D1-1-126 换","自卸汽车运石方 运距1km \u007f实际运距(km):15",null,"1000m3天然密实方",0.00475,null,null,41.8,5.27,null,8.36,55.44]
[null,"040103002004","余方弃置",null,"m3","18.1079",11.21,null,26.9,4.8,null,7.62,50.53]
[null,"借D1-1-27","人工装自卸汽车 土方",null,"100m3天然密实方",0.181079,11.21,null,null,1.41,null,2.24,14.86,50.53]
[null,"借D1-1-53 换","自卸汽车运土方 运距1km内 \u007f实际运距(km):15",null,"1000m3天然密实方",0.018108,null,null,26.9,3.39,null,5.38,35.67]
[40,"040202015002","水泥稳定碎(砾)石",null,"m2","23.748",10.59,56.86,2.31,1.47,null,2.58,73.82]
[null,"借D2-2-1 换","路拌铺筑水泥石屑混合料 水泥含量 6% 厚度 15cm \u007f实际厚度(cm):20",null,"100m2",0.23748,10.59,56.86,2.31,1.47,null,2.58,73.82,73.82]
[41,"040203007002","水泥混凝土",null,"m2","23.748",31.37,127.03,0.32,3.6,null,6.34,168.66]
[null,"借D2-3-46 换","水泥混凝土路面 厚度 20cm \u007f合并制作子目 普通预拌混凝土 碎石粒径综合考虑 C25",null,"100m2",0.23748,31.37,127.03,0.32,3.6,null,6.34,168.66,168.66]
[42,"030414002001","送配电装置系统",null,"系统","1",560.6,null,48.8,175.14,null,121.88,906.42]
[null,"C4-14-12","送配电装置系统调试 (综合) 1kV以下交流供电",null,"系统",1,560.6,null,48.8,175.14,null,121.88,906.42,906.42]
[null,null,"餐厅防雷"]
[43,"030409005001","避雷网",null,"m","17.1",8.82,5.83,0.84,2.78,null,1.93,20.2]
[null,"C4-9-26","避雷网安装 沿混凝土块敷设",null,"10m",1.71,8.82,5.83,0.84,2.78,null,1.93,20.2,20.2]
["综合单价计算表"]
["工程名称：南村政府大院加装电梯工程（安装部分）",{"$nulls":9},"第 8 页 共 9 页"]
["序号","编码","名称",null,"单位","工程量 ","其中：（元）",{"$nulls":6},"综合单价\n（元）"]
[{"$nulls":6},"人工费","材料费","机具费","管理费",null,"利润","小计"]
[44,"030409006001","避雷针",null,"根","4",174.9,45.42,5.83,51.94,null,36.15,314.24]
[null,"C4-9-35","避雷针安装 装在烟囱上(安装高度m以内) 25",null,"根",4,116.41,2.18,5.83,35.13,null,24.45,184,314.24]
[null,"C4-9-34","圆钢避雷针制作 (m以内) 2",null,"根",4,58.49,43.24,null,16.81,null,11.7,130.24]
[45,"030409001001","接地极",null,"块","2",73.85,4.52,0.52,21.37,null,14.87,115.13]
[null,"C4-9-76","接地测试板制作、安装",null,"处",2,73.85,4.52,0.52,21.37,null,14.87,115.13,115.13]
[46,"030409002001","接地母线",null,"m","14",13.13,8.99,0.71,3.98,null,2.77,29.58]
[null,"C4-9-18","接地母线敷设 户内接地母线敷设",null,"10m",1.4,13.13,8.99,0.71,3.98,null,2.77,29.58,29.58]
[47,"030409003001","避雷引下线",null,"m","53.2",7.89,0.89,4.08,3.44,null,2.4,18.7]
[null,"C4-9-23","避雷引下线敷设 利用建筑物主筋引下",null,"10m",5.32,7.89,0.89,4.08,3.44,null,2.4,18.7,18.7]
[48,"030409008001","等电位端子箱、测试板",null,"块","2",7.59,3.53,null,2.18,null,1.52,14.82]
[null,"C4-4-191","端子板安装",null,"组",2,7.59,3.53,null,2.18,null,1.52,14.82,14.82]
[null,null,"宿舍防雷"]
[49,"030409005002","避雷网",null,"m","15.2",8.82,5.83,0.84,2.78,null,1.93,20.2]
[null,"C4-9-26","避雷网安装 沿混凝土块敷设",null,"10m",1.52,8.82,5.83,0.84,2.78,null,1.93,20.2,20.2]
[50,"030409006002","避雷针",null,"根","4",174.9,45.42,5.83,51.94,null,36.15,314.24]
[null,"C4-9-35","避雷针安装 装在烟囱上(安装高度m以内) 25",null,"根",4,116.41,2.18,5.83,35.13,null,24.45,184,314.24]
[null,"C4-9-34","圆钢避雷针制作 (m以内) 2",null,"根",4,58.49,43.24,null,16.81,null,11.7,130.24]
[51,"030409001002","接地极",null,"块","2",73.85,4.52,0.52,21.37,null,14.87,115.13]
[null,"C4-9-76","接地测试板制作、安装",null,"处",2,73.85,4.52,0.52,21.37,null,14.87,115.13,115.13]
["综合单价计算表"]
["工程名称：南村政府大院加装电梯工程（安装部分）",{"$nulls":9},"第 9 页 共 9 页"]
["序号","编码","名称",null,"单位","工程量 ","其中：（元）",{"$nulls":6},"综合单价\n（元）"]
[{"$nulls":6},"人工费","材料费","机具费","管理费",null,"利润","小计"]
[52,"030409002002","接地母线",null,"m","12",13.13,8.99,0.71,3.98,null,2.77,29.58]
[null,"C4-9-18","接地母线敷设 户内接地母线敷设",null,"10m",1.2,13.13,8.99,0.71,3.98,null,2.77,29.58,29.58]
[53,"030409003002","避雷引下线",null,"m","98.3",7.89,0.89,4.08,3.44,null,2.4,18.7]
[null,"C4-9-23","避雷引下线敷设 利用建筑物主筋引下",null,"10m",9.83,7.89,0.89,4.08,3.44,null,2.4,18.7,18.7]
[54,"030409008002","等电位端子箱、测试板",null,"块","4",7.59,3.53,null,2.18,null,1.52,14.82]
[null,"C4-4-191","端子板安装",null,"组",4,7.59,3.53,null,2.18,null,1.52,14.82,14.82]
[55,"030409008003","等电位端子箱、测试板",null,"台","1",91.18,199.26,null,26.21,null,18.24,334.89]
[null,"C4-9-71","等电位端子箱安装 端子箱明装(半周长mm以内) 700",null,"个",1,91.18,199.26,null,26.21,null,18.24,334.89,334.89]
[null,null,"给排水部分"]
[56,"031001006001","塑料管",null,"m","49.925",10.77,29.49,4.92,4.35,null,3.14,52.66]
[null,"C10-1-278","给排水管道 室外塑料排水管(粘接) 公称外径(mm以内) 160",null,"10m",4.9925,10.77,29.49,4.92,4.35,null,3.14,52.66,52.66]
{"$rows_empty":7}
[null,null,"合计",{"$nulls":3},3182.23,7871.62,298.38,858.84,null,696.16,12907.18,12907.18]

{"sheet":"表-11 总价措施项目清单与计价表-1","index":3,"n_rows":46,"n_cols":11,"rows_kept":46,"merged":[[0,0,0,11],[1,0,1,5],[1,6,1,7],[1,8,1,11],[2,5,2,6],[2,7,2,8],[3,5,3,6],[3,7,3,8],[4,5,4,6],[4,7,4,8],[5,5,5,6],[5,7,5,8],[6,5,6,6],[6,7,6,8],[7,5,7,6],[7,7,7,8],[8,5,8,6],[8,7,8,8],[9,5,9,6],[9,7,9,8],[10,5,10,6],[10,7,10,8],[11,0,11,5],[11,6,11,11],[12,0,12,5],[12,6,12,7],[12,8,12,11],[13,0,13,11],[14,0,14,5],[14,6,14,7],[14,8,14,11],[15,5,15,6],[15,7,15,8],[16,5,16,6],[16,7,16,8],[17,5,17,6],[17,7,17,8],[18,5,18,6],[18,7,18,8],[19,5,19,6],[19,7,19,8],[20,5,20,6],[20,7,20,8],[21,5,21,6],[21,7,21,8],[22,5,22,6],[22,7,22,8],[23,5,23,6],[23,7,23,8],[24,5,24,6],[24,7,24,8],[25,5,25,6],[25,7,25,8],[26,5,26,6],[26,7,26,8],[27,5,27,6],[27,7,27,8],[28,5,28,6],[28,7,28,8],[29,5,29,6],[29,7,29,8],[30,5,30,6],[30,7,30,8],[31,5,31,6],[31,7,31,8],[32,5,32,6],[32,7,32,8],[33,5,33,6],[33,7,33,8],[34,5,34,6],[34,7,34,8],[35,5,35,6],[35,7,35,8],[36,5,36,6],[36,7,36,8],[37,5,37,6],[37,7,37,8],[38,5,38,6],[38,7,38,8],[39,5,39,6],[39,7,39,8],[40,5,40,6],[40,7,40,8],[41,5,41,6],[41,7,41,8],[42,5,42,6],[42,7,42,8],[43,0,43,4],[43,5,43,6],[43,7,43,8],[44,0,44,5],[44,6,44,11],[45,0,45,5],[45,6,45,7],[45,8,45,11]]}
["总价措施项目清单与计价表"]
["工程名称：南村政府大院加装电梯工程（安装部分）",{"$nulls":5},"标段：",null,"第 1 页  共 2 页"]
["序号","项目编码","项目名称","计算基础","费率\n(%)","金额\n(元)",null,"调整\n费率(%)",null,"调整后\n金额(元)","备注"]
["1","LSSGCSF00001","绿色施工安全防护措施费","分部分项人工费+分部分项机具费","35.77",7506.04,{"$nulls":4},"以分部分项的人工费与施工机具费之和为计算基础，费率35.77%"]
["2","031301010001","安装与生产同时进行增加费用","分部分项人工费","0",{"$nulls":5},"按人工费的10%计算"]
["3","031301011001","在有害身体健康环境中施工增加费","分部分项人工费","0",{"$nulls":5},"按人工费的10%计算"]
["4","TSSGBWZJF001","在地下（暗）室、设备及大口径管道内等特殊施工部位进行施工增加费",null,"30",{"$nulls":5},"按该部分人工费的30%计算"]
["5","粤031302008001","赶工措施费","分部分项人工费+分部分项机具费","0",{"$nulls":5},"赶工措施费=（1-δ）*分部分项（人工费+施工机具费）*0.344 （0.8≤δ＜1   式中：δ=合同工期/定额工期）"]
["6","031302002001","夜间施工增加费",null,"20",{"$nulls":5},"按其夜间施工项目人工费的20%计算"]
["7","JTGRSGZJF001","交通干扰工程施工增加费",null,"10",{"$nulls":5},"按在市政道路上施工项目人工费的10%计算"]
["8","粤031302009001","文明工地增加费","分部分项人工费+分部分项机具费","0",{"$nulls":5},"以分部分项的人工费与施工机具费之和为计算基础；市级文明工地1.00%；省级文明工地2.00%"]
["编制人（造价人员）：",{"$nulls":5},"复核人（造价工程师）："]
[{"$nulls":8},"表-11"]
["总价措施项目清单与计价表"]
["工程名称：南村政府大院加装电梯工程（安装部分）",{"$nulls":5},"标段：",null,"第 2 页  共 2 页"]
["序号","项目编码","项目名称","计算基础","费率\n(%)","金额\n(元)",null,"调整\n费率(%)",null,"调整后\n金额(元)","备注"]
["9","DXGXJCJXF001","地下管线交叉降效费",{"$nulls":7},"按实际发生或经批准的施工方案计算"]
["10","QTFY00000001","其他费用",{"$nulls":7},"按实际发生或经批准的施工组织设计方案计算"]
{"$rows_empty":25}
["合    计",{"$nulls":4},7506.04]
["编制人（造价人员）：",{"$nulls":5},"复核人（造价工程师）："]
[{"$nulls":8},"表-11"]

{"sheet":"表-12 其他项目清单与计价汇总表-1","index":4,"n_rows":38,"n_cols":7,"rows_kept":38,"merged":[[0,0,0,4],[0,5,0,7],[1,0,1,7],[2,0,2,2],[2,3,2,4],[2,5,2,7],[3,2,3,3],[3,4,3,5],[4,2,4,3],[4,4,4,5],[5,2,5,3],[5,4,5,5],[6,2,6,3],[6,4,6,5],[7,2,7,3],[7,4,7,5],[8,2,8,3],[8,4,8,5],[9,2,9,3],[9,4,9,5],[10,2,10,3],[10,4,10,5],[11,2,11,3],[11,4,11,5],[12,2,12,3],[12,4,12,5],[13,2,13,3],[13,4,13,5],[14,2,14,3],[14,4,14,5],[15,2,15,3],[15,4,15,5],[16,2,16,3],[16,4,16,5],[17,2,17,3],[17,4,17,5],[18,2,18,3],[18,4,18,5],[19,2,19,3],[19,4,19,5],[20,2,20,3],[20,4,20,5],[21,2,21,3],[21,4,21,5],[22,2,22,3],[22,4,22,5],[23,2,23,3],[23,4,23,5],[24,2,24,3],[24,4,24,5],[25,2,25,3],[25,4,25,5],[26,2,26,3],[26,4,26,5],[27,2,27,3],[27,4,27,5],[28,2,28,3],[28,4,28,5],[29,2,29,3],[29,4,29,5],[30,2,30,3],[30,4,30,5],[31,2,31,3],[31,4,31,5],[32,2,32,3],[32,4,32,5],[33,2,33,3],[33,4,33,5],[34,2,34,3],[34,4,34,5],[35,2,35,3],[35,4,35,5],[36,0,36,7],[37,0,37,2],[37,3,37,4],[37,5,37,7]]}
[]
["其他项目清单与计价汇总表"]
["工程名称：南村政府大院加装电梯工程（安装部分）",null,null,"标段：",null,"第 1 页  共 1 页"]
["序号","项目名称","金额（元）",null,"结算金额（元）",null,"备注"]
["1","暂列金额",{"$nulls":4},"明细详见表-12-1"]
["2","暂估价"]
["2.1","材料暂估价","—",{"$nulls":3},"明细详见表-12-2"]
["2.2","专业工程暂估价",{"$nulls":4},"明细详见表-12-3"]
["3","计日工",{"$nulls":4},"明细详见表-12-4"]
["4","总承包服务费",{"$nulls":4},"明细详见表-12-5"]
["5","预算包干费","2098.42"]
["6","工程优质费"]
["7","概算幅度差"]
["8","现场签证费用"]
["9","索赔费用"]
["10","其他费用"]
{"$rows_empty":19}
[null,"合  计","2098.42",{"$nulls":3},"—"]
["注：材料（工程设备）暂估单价进入清单项目综合单价，此处不汇总。"]
[{"$nulls":5},"表—12"]

{"sheet":"表-13 规费、税金项目清单与计价表-1","index":5,"n_rows":36,"n_cols":8,"rows_kept":36,"merged":[[0,0,0,8],[1,0,1,2],[1,3,1,5],[1,6,1,8],[2,2,2,3],[2,5,2,6],[3,2,3,3],[3,5,3,6],[4,2,4,3],[4,5,4,6],[5,2,5,3],[5,5,5,6],[6,2,6,3],[6,5,6,6],[7,2,7,3],[7,5,7,6],[8,2,8,3],[8,5,8,6],[9,2,9,3],[9,5,9,6],[10,2,10,3],[10,5,10,6],[11,2,11,3],[11,5,11,6],[12,2,12,3],[12,5,12,6],[13,2,13,3],[13,5,13,6],[14,2,14,3],[14,5,14,6],[15,2,15,3],[15,5,15,6],[16,2,16,3],[16,5,16,6],[17,2,17,3],[17,5,17,6],[18,2,18,3],[18,5,18,6],[19,2,19,3],[19,5,19,6],[20,2,20,3],[20,5,20,6],[21,2,21,3],[21,5,21,6],[22,2,22,3],[22,5,22,6],[23,2,23,3],[23,5,23,6],[24,2,24,3],[24,5,24,6],[25,2,25,3],[25,5,25,6],[26,2,26,3],[26,5,26,6],[27,2,27,3],[27,5,27,6],[28,2,28,3],[28,5,28,6],[29,2,29,3],[29,5,29,6],[30,2,30,3],[30,5,30,6],[31,2,31,3],[31,5,31,6],[32,2,32,3],[32,5,32,6],[33,0,33,6],[34,0,34,2],[34,3,34,8],[35,0,35,2],[35,3,35,5],[35,6,35,8]]}
["规费、税金项目清单与计价表"]
["工程名称：南村政府大院加装电梯工程（安装部分）",null,null,"标段：",null,null,"第 1 页  共 1 页"]
["序号","项目名称","计算基础",null,"取费基数","计算费率\n(%)",null,"金额(元)"]
["1","增值税销项税额","分部分项合计+措施合计+其他项目",null,75513.53,"9",null,6796.22]
{"$rows_empty":29}
["合    计",{"$nulls":6},6796.22]
[" 编制人（造价人员）：",null,null,"复核人（造价工程师）："]
[{"$nulls":6},"表—13"]